00567nam a2200169Ia 4500008004100000100001500041245008400056245002900140260005900169260000900228300000900237650001800246650001500264856002600279999001900305952007300324170221s9999 xx 000 0 und d aAli Simsek aTransformation of Identities in the Mediated Landscape of the Network Society  cAli Simsek, Eylem Simsek bOnline Journal of Communication and Media Technologies c2016 a10 : xCommunication xMedia Arts uhttp://www.ojcmt.net/ c312908d312908 001040aCLbCLd2017-02-21l0r2017-02-21 00:00:00w2017-02-21yFOJ